000 00335nam a2200145Ia 4500
008 230917s9999||||xx |||||||||||||| ||und||
040 _e60978
_aMAIN
041 _aEnglish
082 _a823.7 E44S:E
100 _aSpender, Stephen
245 0 _aEliot
260 _aFontana
_bWilliam collins
_c1975
300 _a251 p.
942 _cBK
999 _c140749
_d140749